[Event "34th Zalakaros Open 2015"]
[Site "Zalakaros HUN"]
[Date "2015.05.14"]
[Round "1.22"]
[White "Medvegy, Zoltan"]
[Black "Reznak, Attila"]
[Result "1/2-1/2"]
[WhiteTitle "GM"]
[WhiteElo "2535"]
[BlackElo "2304"]
[WhiteFideId "708402"]
[BlackFideId "727407"]
[EventDate "2015.05.14"]
[EventType "swiss"]

1. c4 Nf6 2. g3 e6 3. Bg2 c5 4. Nf3 Nc6 5. O-O Be7 6. Nc3 O-O 7. d4 cxd4 8. Nxd4
Qb6 9. Ndb5 a6 10. Be3 Qa5 11. Nd6 Ng4 12. Bf4 Nge5 13. Bxc6 Nxc6 14. a3 Qh5 15.
e4 Qg6 16. c5 e5 17. Be3 Bxd6 18. Qxd6 Qxd6 19. cxd6 b5 20. Nd5 Bb7 21. a4 bxa4
22. Nb6 Rad8 23. Nxa4 Rb8 24. Rfc1 f6 25. f3 g6 26. Bb6 Bc8 27. Ra3 f5 28. Kg2
Rf7 29. Rc2 fxe4 30. fxe4 Bb7 31. Re2 Kg7 32. Rf3 Rxf3 33. Kxf3 Rf8+ 34. Ke3 Rf1
35. Rf2 Re1+ 36. Re2 Rd1 37. Rd2 Re1+ 38. Re2 Rd1 39. Nc5 Bc8 40. Rd2 Re1+ 41.
Kf2 Rh1 42. Kg2 Re1 43. Kf2 Rh1 44. Kg2 Re1 45. g4 h6 46. h4 Rc1 47. Na4 Rc4 48.
Nc3 Bb7 49. Rf2 Nb4 50. Kf3 Nd3 51. Rd2 Nxb2 52. Rxb2 Rxc3+ 53. Be3 Bc6 54. Rb8
Rc4 55. Re8 Rxe4 56. Re7+ Kg8 57. Re8+ Kf7 58. Re7+ Kg8 59. Re8+ Kf7 60. Re7+
Kg8 1/2-1/2

[Event "34th Zalakaros Open 2015"]
[Site "Zalakaros HUN"]
[Date "2015.05.14"]
[Round "1.23"]
[White "Juhasz, Armin"]
[Black "Horvath, Adam1"]
[Result "1/2-1/2"]
[WhiteTitle "FM"]
[BlackTitle "GM"]
[WhiteElo "2303"]
[BlackElo "2528"]
[WhiteFideId "724270"]
[BlackFideId "708003"]
[EventDate "2015.05.14"]
[EventType "swiss"]

1. d4 Nf6 2. c4 e6 3. Nf3 Bb4+ 4. Bd2 a5 5. g3 d5 6. Qc2 O-O 7. Bg2 Be7 8. O-O
c6 9. Bg5 Nbd7 10. Nbd2 b6 11. e4 Ba6 12. Rfe1 Rc8 13. Rac1 h6 14. Bf4 Nh5 15.
Be3 Nhf6 16. Bf4 Re8 17. a3 Nh5 18. Be3 Nhf6 19. Bf4 Bf8 20. Qb1 Nxe4 21. Nxe4
dxe4 22. Qxe4 c5 23. Red1 Nf6 24. Qe1 Qe7 25. dxc5 Qxc5 26. Be3 Qc7 27. Nd4 Ng4
28. Nb5 Qb8 29. Qe2 Nxe3 30. Qxe3 Bc5 31. Qe4 Red8 32. Bf3 Be7 33. Nd4 Bg5 34.
Nc6 Rxc6 35. Qxc6 Bxc1 36. Rxc1 Rc8 37. Qe4 a4 38. Bd1 Bb7 39. Qe3 Bc6 40. Bf3
Be8 41. b4 axb3 42. Qxb3 Qd6 43. Rb1 Qd4 44. Qxb6 Qxc4 45. Qb3 Qd4 46. Qb4 Qd3
47. Be4 Qe2 48. Re1 Qa2 49. Bb1 Qd5 50. Qe4 Qd2 51. Qb4 Qxb4 52. axb4 Rc4 53. b5
Rd4 54. Rc1 Kf8 55. b6 Rb4 56. b7 Rxb7 57. Be4 Rb6 58. h4 Ke7 59. Kg2 f5 60. Ba8
Rb8 61. Bf3 e5 62. Rc7+ Kf6 63. Bc6 Bf7 64. Rb7 Rd8 65. Rd7 Rc8 66. Bd5 Bxd5+
67. Rxd5 Rc6 68. Rd8 e4 69. Rf8+ Ke5 70. Rg8 g6 71. Rh8 h5 72. Re8+ Re6 73. Rb8
Rd6 74. Rb5+ Kd4 75. Kf1 Rc6 76. Rb4+ Kd3 77. Rb3+ Kc2 78. Ra3 Kd2 79. Ra2+ Kd3
80. Ra3+ Kd4 81. Ra4+ Ke5 82. Ra5+ Kf6 83. Ra8 Rb6 84. Re8 Rb3 85. Ra8 e3 86.
Ke2 exf2 87. Kxf2 Rb6 88. Kf3 Rd6 89. Re8 Rd4 90. Re3 Rg4 91. Re8 Kf7 92. Ra8 f4
93. Ra7+ Kf8 94. Ra8+ Kg7 95. Ra7+ Kh6 96. gxf4 Rxh4 97. Ra6 Kg7 98. Ra7+ Kf6
99. Ra6+ Kf7 100. Ra7+ Ke8 101. Ra8+ Kd7 102. Ra7+ Kc8 103. Ra8+ Kb7 104. Rh8
Kc7 105. Rh6 Rg4 106. f5 gxf5 107. Rxh5 Rg1 108. Rxf5 Rf1+ 109. Ke4 Rxf5 110.
Kxf5 1/2-1/2

[Event "34th Zalakaros Open 2015"]
[Site "Zalakaros HUN"]
[Date "2015.05.14"]
[Round "1.24"]
[White "Boruchovsky, Avital"]
[Black "Papp, Petra"]
[Result "1-0"]
[WhiteTitle "GM"]
[BlackTitle "WGM"]
[WhiteElo "2517"]
[BlackElo "2297"]
[WhiteFideId "2800055"]
[BlackFideId "739049"]
[EventDate "2015.05.14"]
[EventType "swiss"]

1. e4 c5 2. Nf3 d6 3. Bb5+ Nd7 4. O-O a6 5. Bd3 Ngf6 6. Re1 b5 7. c4 Bb7 8. cxb5
axb5 9. Bxb5 Nxe4 10. Nc3 Nf6 11. d4 cxd4 12. Nxd4 e6 13. Bg5 Be7 14. Bxf6 gxf6
15. Rxe6 Rg8 16. Bc6 fxe6 17. Qh5+ Rg6 18. Qxh7 Rg5 19. h4 Bxc6 20. hxg5 Nf8 21.
Qh5+ Kd7 22. Nxc6 Kxc6 23. gxf6 Bxf6 24. Qb5+ Kc7 25. Nd5+ exd5 26. Rc1+ 1-0

[Event "34th Zalakaros Open 2015"]
[Site "Zalakaros HUN"]
[Date "2015.05.14"]
[Round "1.25"]
[White "Banas, Jan"]
[Black "Antal, Gergely"]
[Result "1/2-1/2"]
[WhiteTitle "IM"]
[BlackTitle "GM"]
[WhiteElo "2281"]
[BlackElo "2511"]
[WhiteFideId "14900076"]
[BlackFideId "717312"]
[EventDate "2015.05.14"]
[EventType "swiss"]

1. c4 Nf6 2. Nc3 d5 3. cxd5 Nxd5 4. Nf3 g6 5. e4 Nxc3 6. dxc3 Qxd1+ 7. Kxd1 f6
8. Kc2 e5 9. Be3 Be6 10. Nd2 Nd7 11. Bc4 Kf7 12. Rhd1 h5 13. a4 a5 14. Bxe6+
Kxe6 15. Nc4 b6 16. Rd2 g5 17. Rad1 Rh7 18. f3 g4 19. b3 Nc5 20. Rd8 Rxd8 21.
Rxd8 Be7 22. Rc8 Kd7 23. Rg8 Ne6 24. h3 gxh3 25. gxh3 Bf8 26. Rg6 Ke7 27. Rg1
Ke8 28. Rg6 Kf7 29. Rg1 Rh8 30. Nd2 Bh6 31. Bxh6 Rxh6 32. h4 Nf4 33. b4 Rg6 34.
Rb1 axb4 35. cxb4 Ke7 36. a5 Kd7 37. a6 b5 38. Ra1 Rg8 39. Nb3 Ne6 40. a7 Ra8
41. Ra6 c6 42. Na5 Nd4+ 1/2-1/2

[Event "34th Zalakaros Open 2015"]
[Site "Zalakaros HUN"]
[Date "2015.05.14"]
[Round "1.26"]
[White "Sadzikowski, Daniel"]
[Black "Vegh, Endre"]
[Result "1-0"]
[WhiteTitle "IM"]
[BlackTitle "IM"]
[WhiteElo "2494"]
[BlackElo "2272"]
[WhiteFideId "1132253"]
[BlackFideId "700568"]
[EventDate "2015.05.14"]
[EventType "swiss"]

1. c4 c6 2. Nf3 Nf6 3. Nc3 d5 4. e3 a6 5. d4 b5 6. b3 Bg4 7. Be2 e6 8. h3 Bh5 9.
g4 Bg6 10. Ne5 Bb4 11. Bd2 Bxc3 12. Bxc3 Ne4 13. Bb2 Qh4 14. Rh2 O-O 15. Bf3 f5
16. Bxe4 fxe4 17. Ba3 Rc8 18. Bd6 dxc4 19. bxc4 Nd7 20. Nxd7 Qd8 21. Ne5 Qxd6
22. c5 Qc7 23. h4 Rd8 24. h5 Be8 25. Qc2 Qa5+ 26. Kf1 b4 27. Qxe4 b3 28. f3 Rab8
29. Re2 b2 30. Rb1 Qxa2 31. Qc2 Qa5 32. Rxb2 Qc7 33. Qc4 Qe7 34. Kg2 Rb5 35. Qa2
Rdb8 36. Rxb5 axb5 37. Qa6 Qc7 38. Ra2 h6 39. Qa5 Qe7 40. Qb4 Qg5 41. Qb3 Qe7
42. Ra6 Rc8 43. Qa2 Rc7 44. Ra8 Kh7 45. Qb1+ Kg8 46. Qg6 Kf8 47. Qh7 1-0

[Event "34th Zalakaros Open 2015"]
[Site "Zalakaros HUN"]
[Date "2015.05.14"]
[Round "1.27"]
[White "Farkas, Richard"]
[Black "Diermair, Andreas"]
[Result "0-1"]
[BlackTitle "IM"]
[WhiteElo "2265"]
[BlackElo "2488"]
[WhiteFideId "703850"]
[BlackFideId "1612468"]
[EventDate "2015.05.14"]
[EventType "swiss"]

1. e4 e5 2. Nf3 Nc6 3. Bb5 a6 4. Bxc6 dxc6 5. O-O Qd6 6. Na3 Be6 7. b3 f6 8. Bb2
c5 9. Nc4 Qd7 10. Ne3 Ne7 11. c3 Nc6 12. d4 cxd4 13. cxd4 exd4 14. Nxd4 Nxd4 15.
Qxd4 Qxd4 16. Bxd4 O-O-O 17. Rad1 Bb4 18. Nc2 Be7 19. Be3 Rxd1 20. Rxd1 Rd8 21.
Rxd8+ Kxd8 22. f4 c5 23. Kf2 Kd7 24. Bd2 Bd8 25. Bc3 a5 26. Na3 Kc6 27. Nc4 a4
28. Kf3 b5 29. Nd2 b4 30. Bb2 a3 31. Ba1 Kb5 32. Ke3 c4 33. bxc4+ Bxc4 34. Nxc4
Kxc4 35. e5 f5 36. Kd2 g6 37. Kc2 Be7 38. Kd2 Bc5 39. Kc2 Bf8 40. Kd2 Be7 41. g3
Kd5 42. Kd3 Bc5 43. Kd2 h5 44. Ke2 Bb6 45. Kf3 Ba7 46. h3 Bb6 47. Ke2 Ba7 48.
Kf3 Bc5 49. h4 Bb6 50. Kg2 Ke4 51. e6 Bd8 52. Bg7 Kd5 53. Bf8 b3 0-1

[Event "34th Zalakaros Open 2015"]
[Site "Zalakaros HUN"]
[Date "2015.05.14"]
[Round "1.28"]
[White "Raznikov, Danny"]
[Black "Rigo, Janos"]
[Result "1-0"]
[WhiteTitle "IM"]
[BlackTitle "IM"]
[WhiteElo "2484"]
[BlackElo "2264"]
[WhiteFideId "2811154"]
[BlackFideId "700371"]
[EventDate "2015.05.14"]
[EventType "swiss"]

1. d4 Nf6 2. c4 e6 3. Nc3 Bb4 4. Qc2 d5 5. cxd5 exd5 6. Bg5 h6 7. Bh4 Nc6 8. e3
g5 9. Bg3 Ne4 10. Bd3 Bf5 11. Ne2 h5 12. O-O Nxg3 13. Nxg3 Be6 14. Nf5 Qf6 15.
Nb5 Ba5 16. a3 a6 17. Nc3 Bxc3 18. bxc3 h4 19. Rab1 b6 20. c4 dxc4 21. Be4 O-O
22. f4 Bxf5 23. Bxf5 g4 24. Bxg4 Rae8 25. Rbe1 b5 26. d5 Ne7 27. e4 Qd4+ 28. Kh1
Ng6 29. Bf5 Ne7 30. Rd1 Qe3 31. e5 Qc5 32. Bd7 Rd8 33. e6 f5 34. Qe2 Rf6 35. Qe5
Rg6 36. Rf3 a5 37. Qe1 Kg7 38. d6 cxd6 39. Qxh4 d5 40. Rh3 Rf8 41. Be8 c3 42.
Bxg6 1-0

[Event "34th Zalakaros Open 2015"]
[Site "Zalakaros HUN"]
[Date "2015.05.14"]
[Round "1.29"]
[White "Tantsiura, Maria"]
[Black "Gledura, Benjamin"]
[Result "0-1"]
[WhiteTitle "WIM"]
[BlackTitle "IM"]
[WhiteElo "2262"]
[BlackElo "2478"]
[WhiteFideId "14124327"]
[BlackFideId "712779"]
[EventDate "2015.05.14"]
[EventType "swiss"]

1. Nf3 Nf6 2. g3 d5 3. Bg2 c6 4. d3 Bg4 5. Nbd2 Nbd7 6. O-O e5 7. h3 Bh5 8. e4
Bd6 9. Qe1 O-O 10. Nh4 Re8 11. Nf5 Bf8 12. Nf3 Nc5 13. N3h4 dxe4 14. dxe4 Qb6
15. Rb1 Qa6 16. Bg5 Nfd7 17. Qc3 f6 18. Be3 g5 19. g4 Bf7 20. b4 Na4 21. Qd2
Rad8 22. Rfd1 gxh4 23. Bh6 Bg6 24. Nxh4 Qc4 25. Bxf8 Nxf8 26. Qe3 Qxc2 27. Rdc1
Qd3 28. Qxa7 Nc3 29. Bf1 Qd4 30. Qxb7 Rd7 31. Qxc6 Nxb1 32. Bc4+ 0-1

[Event "34th Zalakaros Open 2015"]
[Site "Zalakaros HUN"]
[Date "2015.05.14"]
[Round "1.30"]
[White "Nemeth, Miklos1"]
[Black "Warakomska, Anna"]
[Result "0-1"]
[WhiteTitle "IM"]
[BlackTitle "WFM"]
[WhiteElo "2478"]
[BlackElo "2260"]
[WhiteFideId "720232"]
[BlackFideId "1130790"]
[EventDate "2015.05.14"]
[EventType "swiss"]

1. e4 e5 2. Nf3 Nc6 3. Bc4 Bc5 4. c3 Nf6 5. d3 a6 6. O-O Ba7 7. Bb3 d6 8. h3 h6
9. Be3 g5 10. Nh2 Qe7 11. Nd2 Bd7 12. Bxa7 Nxa7 13. Nc4 O-O-O 14. Qf3 Rdg8 15.
Ne3 h5 16. Nf5 Qf8 17. Qe3 Nc6 18. d4 Kb8 19. Rfd1 Bxf5 20. exf5 e4 21. Bc2 d5
22. f3 g4 23. fxe4 gxh3 24. Qxh3 h4 25. Nf1 dxe4 26. Rd2 Ne7 27. Re1 Rg4 28. Rf2
Qg7 29. Bd1 Rg3 30. Qh2 Ned5 31. c4 Nb4 32. Re3 Rg5 33. Rd2 Rxf5 34. Rh3 Qg5 35.
Ne3 Rf3 36. Rxf3 exf3 37. Qe5 Qh6 38. Nf1 Re8 39. Qf5 Ne4 40. Qd7 Rg8 41. Qxf7
Rf8 42. Qe7 Nxd2 43. Nxd2 Nc6 44. Qa3 fxg2 0-1

[Event "34th Zalakaros Open 2015"]
[Site "Zalakaros HUN"]
[Date "2015.05.14"]
[Round "1.31"]
[White "Peczely, Sebastian Zsombor"]
[Black "Czebe, Attila"]
[Result "0-1"]
[BlackTitle "GM"]
[WhiteElo "2260"]
[BlackElo "2474"]
[WhiteFideId "750964"]
[BlackFideId "705268"]
[EventDate "2015.05.14"]
[EventType "swiss"]

1. e4 c5 2. Nf3 b6 3. d4 cxd4 4. Nxd4 Bb7 5. Nc3 a6 6. Bd3 g6 7. Be3 Bg7 8. Qd2
Nc6 9. Nxc6 dxc6 10. O-O-O Qc7 11. h4 Nf6 12. Bf4 e5 13. Bh6 Bxh6 14. Qxh6 O-O-O
15. Qg5 Qe7 16. Rhf1 h6 17. Qe3 Nd7 18. Bc4 b5 19. Bb3 Qxh4 20. Bxf7 Qf6 21. Bb3
g5 22. Rd2 Kc7 23. Rfd1 Qf4 24. Qe2 Nb6 25. g3 Qf6 26. Qe3 Rxd2 27. Rxd2 Rd8 28.
Rxd8 Qxd8 29. f4 Qd4 30. Qf3 exf4 31. gxf4 Qg1+ 32. Nd1 g4 33. Qc3 Kb8 34. f5 g3
35. f6 g2 36. Qg3+ Ka7 37. Be6 Qh1 38. f7 g1=Q 39. Qxg1 Qxg1 40. f8=Q Qg5+ 41.
Kb1 c5 42. Qf3 Qe5 43. Qh3 Qf4 44. Qh5 Qd6 45. Bg4 Nc4 46. Nc3 b4 47. Na4 Nd2+
48. Kc1 Nxe4 49. b3 Qf4+ 50. Kb1 Qg5 51. Qxg5 hxg5 52. Bf5 Nc3+ 53. Kb2 Nxa4+
54. bxa4 Bf3 55. c3 a5 56. cxb4 cxb4 57. Kb3 g4 58. Kc4 g3 59. Bh3 Kb6 60. a3
bxa3 0-1

[Event "34th Zalakaros Open 2015"]
[Site "Zalakaros HUN"]
[Date "2015.05.14"]
[Round "1.32"]
[White "Varga, Zoltan"]
[Black "Grimm, Daniel"]
[Result "0-1"]
[WhiteTitle "GM"]
[BlackTitle "FM"]
[WhiteElo "2473"]
[BlackElo "2255"]
[WhiteFideId "700509"]
[BlackFideId "740080"]
[EventDate "2015.05.14"]
[EventType "swiss"]

1. e4 d5 2. Nc3 d4 3. Nce2 e5 4. Ng3 Be6 5. Nf3 f6 6. c3 d3 7. b3 Qd7 8. h3 Nc6
9. Nh2 O-O-O 10. Ng4 Bc5 11. Ne3 Nge7 12. Qf3 g6 13. b4 Bb6 14. a4 f5 15. a5
Bxe3 16. fxe3 fxe4 17. Nxe4 Rhf8 18. Nf6 Qd6 19. b5 e4 20. Qxe4 Qg3+ 21. Kd1
Bb3# 0-1

[Event "34th Zalakaros Open 2015"]
[Site "Zalakaros HUN"]
[Date "2015.05.14"]
[Round "1.33"]
[White "Balint, Vilmos"]
[Black "Smith, Bryan G"]
[Result "0-1"]
[BlackTitle "GM"]
[WhiteElo "2238"]
[BlackElo "2467"]
[WhiteFideId "718050"]
[BlackFideId "2017083"]
[EventDate "2015.05.14"]
[EventType "swiss"]

1. Nf3 g6 2. g3 Bg7 3. Bg2 d6 4. d4 Nf6 5. O-O O-O 6. c4 c6 7. Nbd2 Qa5 8. b3 e5
9. dxe5 dxe5 10. e4 Na6 11. Bb2 Bg4 12. h3 Bxf3 13. Nxf3 Nxe4 14. Qe1 Qxe1 15.
Rfxe1 Nec5 16. Bxe5 Bxe5 17. Rxe5 Rfd8 18. Rb1 Nd3 19. Re7 Kf8 20. Re3 Ndb4 21.
a3 Nc2 22. Rc3 Nd4 23. Nxd4 Rxd4 24. b4 Rc8 25. Kf1 Rd2 26. Bf3 Rc7 27. Re1 Rd4
28. Re5 Nb8 29. Rce3 Rd8 30. h4 h5 31. g4 hxg4 32. Bxg4 Rd4 33. Re8+ Kg7 34. Be2
Na6 35. h5 gxh5 36. Bxh5 Rxc4 37. Rg3+ Kf6 38. Rf3+ Kg7 39. Rg3+ Kf6 40. Rf8 Rf4
41. Be2 Rd7 42. Ra8 Nc7 43. Rxa7 Ne6 44. Rc3 Nd4 45. Ba6 Rd5 46. Rxb7 Rdf5 47.
Bc4 Rxf2+ 48. Kg1 Kg5 49. Rg3+ Kh4 50. Rg2 R2f4 51. Rh2+ Kg3 52. Rg2+ Kh4 53.
Rh2+ Kg5 54. Rg2+ Kh6 55. Rh2+ Kg7 56. Rg2+ Kf8 57. Be2 Re5 58. Rb8+ Ke7 59.
Rb7+ Kf6 60. Bg4 Ree4 61. a4 Rxg4 62. Rxg4 Rxg4+ 63. Kf2 Nc2 64. a5 Nxb4 65. Rb6
Nd3+ 66. Ke2 Ne5 0-1

[Event "34th Zalakaros Open 2015"]
[Site "Zalakaros HUN"]
[Date "2015.05.14"]
[Round "1.34"]
[White "Romanishin, Oleg M"]
[Black "Dankhazi, Andras"]
[Result "1-0"]
[WhiteTitle "GM"]
[BlackTitle "FM"]
[WhiteElo "2466"]
[BlackElo "2223"]
[WhiteFideId "14100088"]
[BlackFideId "714267"]
[EventDate "2015.05.14"]
[EventType "swiss"]

1. Nf3 c5 2. g3 Nc6 3. Bg2 g6 4. c3 Nf6 5. d4 cxd4 6. cxd4 d5 7. Ne5 Ne4 8. Nd2
Nxe5 9. dxe5 Nxd2 10. Bxd2 Be6 11. Bc3 Bg7 12. Qa4+ Qd7 13. Qxd7+ Kxd7 14. O-O
Rhd8 15. Rfd1 Ke8 16. f4 Rac8 17. Rd2 Rc4 18. Rad1 Rdc8 19. Bxd5 Bxd5 20. Rxd5
e6 21. Rd7 R4c7 22. Rxc7 Rxc7 23. Kf2 Bf8 24. Kf3 Rc4 25. Rd3 Be7 26. g4 Ra4 27.
a3 Rc4 28. b3 Rc6 29. a4 Bf8 30. Ke4 b6 31. g5 h5 32. gxh6 Bxh6 33. Rh3 Bf8 34.
Kd3 Rc8 35. Rh8 Kd7 36. Rh7 Ke8 37. e4 Rd8+ 38. Ke2 Rc8 39. Bd2 Be7 40. Kd1 a6
41. Rh8+ Kd7 42. Rh3 b5 43. axb5 axb5 44. Rh7 Ke8 45. Ba5 Bc5 46. Ke2 Be7 47.
Kf3 Rc2 48. Rh8+ Kd7 49. Rb8 Rxh2 50. Rb7+ Ke8 51. Rxb5 Rh3+ 52. Ke2 Ba3 53.
Rb8+ Kd7 54. Rb7+ Ke8 55. Bd2 Rh1 56. b4 Bc1 57. Bxc1 Rxc1 58. b5 Rb1 59. Kd3
Rb4 60. b6 Rb1 61. Rb8+ Kd7 62. Rb7+ Kc6 63. Rxf7 Rxb6 64. Re7 Kc5 65. Rc7+ Kb4
66. Ke3 Ra6 67. Kf3 Ra3+ 68. Kg4 Re3 69. Re7 Rxe4 70. Rxe6 g5 71. Kxg5 1-0

[Event "34th Zalakaros Open 2015"]
[Site "Zalakaros HUN"]
[Date "2015.05.14"]
[Round "1.35"]
[White "Boguszlavszkij, Jevgenyij"]
[Black "Schreiner, Peter"]
[Result "0-1"]
[WhiteTitle "IM"]
[BlackTitle "IM"]
[WhiteElo "2216"]
[BlackElo "2449"]
[WhiteFideId "700614"]
[BlackFideId "1621645"]
[EventDate "2015.05.14"]
[EventType "swiss"]

1. e4 e5 2. Nc3 Nf6 3. Nf3 Nc6 4. g3 d5 5. exd5 Nxd5 6. Bg2 Nxc3 7. bxc3 Bd6 8.
O-O O-O 9. d4 h6 10. d5 Na5 11. Qe2 b6 12. Re1 Bd7 13. Bb2 Re8 14. Rad1 Nb7 15.
Qf1 Nc5 16. c4 f6 17. Nd2 Bg4 18. Bf3 Bf5 19. Ne4 Qd7 20. Nxc5 Bxc5 21. Qe2 e4
22. Bg2 Bg4 23. Qf1 Bxd1 24. Rxd1 f5 25. Qe2 Qf7 26. Kh1 Rad8 27. Qd2 Kh7 28.
Bh3 Qh5 29. Bg2 Bxf2 30. g4 Qxg4 31. Rf1 e3 0-1

[Event "34th Zalakaros Open 2015"]
[Site "Zalakaros HUN"]
[Date "2015.05.14"]
[Round "1.36"]
[White "Torma, Robert"]
[Black "Paszewski, Mateusz"]
[Result "1/2-1/2"]
[WhiteTitle "IM"]
[WhiteElo "2440"]
[BlackElo "2200"]
[WhiteFideId "719030"]
[BlackFideId "1141058"]
[EventDate "2015.05.14"]
[EventType "swiss"]

1. e4 c5 2. Nc3 Nc6 3. Bb5 Nd4 4. Bc4 g6 5. Nf3 Bg7 6. Nxd4 cxd4 7. Qf3 Nh6 8.
Ne2 O-O 9. h3 e6 10. Qb3 f5 11. d3 Nf7 12. O-O b6 13. Qb4 Bb7 14. f3 a5 15. Qa4
Nd6 16. Bf4 Bc6 17. Qb3 Nxc4 18. Qxc4 Rc8 19. Qb3 d5 20. e5 g5 21. Bh2 f4 22.
Nxd4 Bd7 23. Rae1 Qc7 24. Kh1 Bxe5 25. Nb5 Qb8 26. c3 Bf6 27. Bg1 Rfe8 28. a4
Kg7 29. Re2 Rc6 30. Rfe1 Kf7 31. Bd4 Rcc8 32. Be5 Bxe5 33. Rxe5 h6 34. d4 Bxb5
35. Qc2 Kg7 36. Rxe6 Rxe6 37. Rxe6 Be8 38. Re7+ Bf7 39. Qf5 Rf8 40. Qxd5 Kf6 41.
Qd7 Bg8 42. Re5 Qd8 43. Qb7 Re8 44. Rxe8 Qxe8 45. Qxb6+ Kg7 46. Qxa5 Qe1+ 1/2-1/2

[Event "34th Zalakaros Open 2015"]
[Site "Zalakaros HUN"]
[Date "2015.05.14"]
[Round "1.37"]
[White "Csati, Oliver"]
[Black "Deac, Bogdan-Daniel"]
[Result "0-1"]
[BlackTitle "IM"]
[WhiteElo "2189"]
[BlackElo "2437"]
[WhiteFideId "702170"]
[BlackFideId "1226380"]
[EventDate "2015.05.14"]
[EventType "swiss"]

1. d4 d6 2. c4 e5 3. Nf3 Nd7 4. Nc3 g6 5. g3 Bg7 6. Bg2 Ne7 7. O-O O-O 8. e4
exd4 9. Nxd4 Nc6 10. Nxc6 bxc6 11. f4 Ba6 12. Qa4 Nc5 13. Qxc6 Rb8 14. Nb5 Rxb5
15. cxb5 Bb7 16. Be3 Bxc6 17. bxc6 Nxe4 0-1

[Event "34th Zalakaros Open 2015"]
[Site "Zalakaros HUN"]
[Date "2015.05.14"]
[Round "1.38"]
[White "Sagar, Shah"]
[Black "Laza, Szabolcs"]
[Result "0-1"]
[WhiteTitle "IM"]
[WhiteElo "2436"]
[BlackElo "2176"]
[WhiteFideId "5022509"]
[BlackFideId "741345"]
[EventDate "2015.05.14"]
[EventType "swiss"]

1. d4 d5 2. c4 c6 3. Nf3 Nf6 4. Nc3 e6 5. g3 Nbd7 6. Bg2 dxc4 7. O-O Be7 8. e4
O-O 9. Bf4 Qa5 10. Nd2 Nb6 11. Qe2 Rd8 12. Nxc4 Nxc4 13. Qxc4 Qb6 14. Rfd1 Qxb2
15. Rab1 Qa3 16. Rb3 Qa5 17. a4 Qh5 18. Rbb1 e5 19. dxe5 Rxd1+ 20. Rxd1 Ng4 21.
h3 Nxe5 22. Qd4 Ng6 23. Qd8+ Bxd8 24. Rxd8+ Nf8 25. Bd6 g6 26. Rxf8+ Kg7 27. e5
h6 28. Ne4 Qd1+ 29. Kh2 Qxd6 30. Rxf7+ Kxf7 31. Nxd6+ Ke7 32. f4 Rb8 33. g4 Be6
34. Be4 g5 35. f5 Bd5 36. Bd3 b6 37. Kg3 Rd8 38. Nc4 Bxc4 39. Bxc4 Rd4 40. f6+
Kf8 0-1

[Event "34th Zalakaros Open 2015"]
[Site "Zalakaros HUN"]
[Date "2015.05.14"]
[Round "1.39"]
[White "Marosi, Levente"]
[Black "Korpa, Bence"]
[Result "0-1"]
[WhiteTitle "FM"]
[BlackTitle "IM"]
[WhiteElo "2153"]
[BlackElo "2435"]
[WhiteFideId "747181"]
[BlackFideId "706671"]
[EventDate "2015.05.14"]
[EventType "swiss"]

1. e4 c5 2. Nf3 Nc6 3. c3 d5 4. exd5 Qxd5 5. d4 Nf6 6. Be2 e6 7. Na3 Qd8 8. Nc2
Be7 9. dxc5 Qxd1+ 10. Bxd1 Bxc5 11. Be3 b6 12. Nfd4 Ne5 13. O-O Bb7 14. Be2 O-O
15. Nb3 Bd6 16. Rad1 Nd5 17. Bc1 Rad8 18. Rfe1 Bb8 19. Ncd4 h6 20. Nf3 Ng6 21.
g3 e5 22. Nfd2 f5 23. Bf3 e4 24. Be2 e3 25. Nf3 exf2+ 26. Kxf2 f4 27. Nbd4 fxg3+
28. hxg3 Rf6 29. Kg2 Rdf8 30. Rf1 Kh8 31. Kh2 R6f7 32. Ng1 Rf2+ 33. Rxf2 Rxf2+
34. Kh3 Nf6 35. Ne6 Bg2+ 36. Kh2 Bd5+ 0-1

[Event "34th Zalakaros Open 2015"]
[Site "Zalakaros HUN"]
[Date "2015.05.15"]
[Round "2.1"]
[White "Onischuk, Vladimir"]
[Black "Diermair, Andreas"]
[Result "0-1"]
[WhiteTitle "GM"]
[BlackTitle "IM"]
[WhiteElo "2669"]
[BlackElo "2488"]
[WhiteFideId "14114038"]
[BlackFideId "1612468"]
[EventDate "2015.05.14"]
[EventType "swiss"]

1. e4 e5 2. Nf3 Nc6 3. Bb5 a6 4. Ba4 Nf6 5. O-O Be7 6. d3 b5 7. Bb3 d6 8. a3 O-O
9. Nc3 Bg4 10. Be3 Nd4 11. Bxd4 exd4 12. Nd5 Nd7 13. h3 Bxf3 14. Qxf3 c6 15. Nf4
Rb8 16. Qd1 a5 17. Ne2 Bf6 18. Ba2 Nc5 19. f4 b4 20. g4 g6 21. g5 Bg7 22. h4 a4
23. axb4 Rxb4 24. f5 Be5 25. c3 Rxb2 26. cxd4 Rxe2 27. dxe5 Re3 28. fxg6 hxg6
29. Rf6 d5 30. exd5 Rg3+ 31. Kh2 Rxd3 32. Qc2 Qd7 33. Rxg6+ Kh7 34. Rh6+ Kg7 35.
Qg2 Qf5 36. Rf1 Qxe5+ 37. Kh1 Ne4 38. Bb1 Ng3+ 39. Kg1 Ne2+ 40. Kh1 Ng3+ 41. Kg1
Qe3+ 42. Rf2 Rd1+ 43. Kh2 Rh1+ 44. Qxh1 Nxh1 0-1

[Event "34th Zalakaros Open 2015"]
[Site "Zalakaros HUN"]
[Date "2015.05.15"]
[Round "2.2"]
[White "Gledura, Benjamin"]
[Black "Ragger, Markus"]
[Result "0-1"]
[WhiteTitle "IM"]
[BlackTitle "GM"]
[WhiteElo "2478"]
[BlackElo "2668"]
[WhiteFideId "712779"]
[BlackFideId "1610856"]
[EventDate "2015.05.14"]
[EventType "swiss"]

1. d4 Nf6 2. c4 g6 3. Nc3 d5 4. cxd5 Nxd5 5. e4 Nxc3 6. bxc3 Bg7 7. Be3 c5 8.
Rc1 O-O 9. Nf3 Qa5 10. Qd2 Rd8 11. d5 e6 12. Bg5 f6 13. Be3 Nc6 14. Bd3 b6 15.
O-O Ba6 16. Be2 Rd7 17. Rfd1 Re8 18. Qc2 exd5 19. Bxa6 Qxa6 20. exd5 Ne7 21. c4
Nf5 22. Bf4 Bh6 23. Bxh6 Nxh6 24. h4 Qc8 25. h5 gxh5 26. Re1 Rde7 27. Rxe7 Rxe7
28. Qd2 Kg7 29. Ng5 Ng4 30. Ne6+ Kf7 31. Qd3 Qg8 32. Re1 Qg6 33. Qf3 Rd7 34. Qf4
Qc2 35. Rf1 Qg6 36. Re1 Qc2 37. a4 Re7 38. g3 Rd7 39. Re4 Qd1+ 40. Kg2 Qc2 41.
Re1 Rd6 42. Rh1 Qe2 43. Ng5+ Kg7 44. Ne4 Rd7 45. Rh4 Rf7 46. Nd6 Rf8 47. Nf5+
Kh8 48. d6 Ne5 49. Qe4 Qd1 50. Rh1 Qxa4 51. Ne3 Qc6 52. Nd5 Qxd6 53. Rxh5 Rf7
54. Rh6 Nd7 55. Qg6 Qf8 56. Rh4 a5 57. Qb1 Qa8 58. Kh2 a4 59. Re4 a3 60. Re2 Ne5
61. Qa2 Kg7 62. f4 Nc6 63. Re3 Ra7 64. Re6 Nb4 65. Qa1 Nxd5 66. cxd5 Rf7 67.
Rxb6 a2 68. Rb2 Ra7 69. d6 c4 70. Rc2 Ra5 71. g4 Qf3 72. Rxa2 Qxf4+ 73. Kh3 Qe3+
74. Kg2 Qe4+ 75. Kh3 Qd3+ 76. Kg2 Rg5 77. Ra7+ Kg6 0-1